000 00420nam a2200181Ia 4500
001 4442
005 20260306145756.0
008 260306t2018||||xx |||||||||||||| ||spa||
041 _aESP
082 _a321.9
_bA69
100 _aArendt, Hannah
_eAUT
245 0 _aLos orígenes del totalitarismo
260 _c2018
300 _a695 páginas :
_c23 cm.
650 _aGEN
654 _aCDE
942 _cLIB
_dJUS
_fJUS
_2ddc
_n
999 _c4442
_d4442